Petit Bac (Géographie) - Lettre F - Statistiques

Statistiques générales
  • Ce quiz a été pris 1 464 fois
  • Le résultat moyen est 5 sur 12
Statistiques - réponses
Thèmes Mots commençant par F % Correct
Pays France / Fidji / Finlande
100%
Ville italienne de plus de 50 000 habitants Florence / Fano / Ferrare / Foggia / Foligno +2
82%
Département français Finistère
78%
États des États-Unis Floride
67%
Ville japonaise de plus de 200 000 habitants Fukushima / Funabashi / Fuji / Fujisawa +5
47%
Capitale Freetown / Funafuti
35%
Préfecture Fort-de-France / Foix
27%
Ancienne province française Franche-Comté / Flandre / Forez
25%
Province belge Flandre occidentale / Flandre orientale
12%
Commune de la Polynésie française Faaa / Fakarava / Fangatau / Fatu-Hiva
8%
Ville des Etats-Unis de plus de 200 000 habitants Fontana / Fort Wayne / Fremont / Fresno +2
8%
Ville de plus de 5 millions d'habitants Fukuoka / Foshan
5%
Aucun quiz correspondant
Distribution des résultats
% des personnes avec chaque résultat
Percentile par nombre de réponses
Votre historique - résultats
Vous n’avez pas pris ce quiz